Prefectures of France - Statistics

General Stats
  • This quiz has been taken 412 times
    379 since last reset
  • The average score is 61 of 96
Answer Stats
Region Department Prefecture % Correct
Île-de-France Paris Paris
91%
Hauts-de-France Nord Lille
90%
Auvergne-Rhône-Alpes Rhône Lyon
88%
Brittany Ille-et-Vilaine Rennes
88%
Normandy Calvados Caen
86%
Pays de la Loire Loire-Atlantique Nantes
86%
Grand Est Bas-Rhin Strasbourg
85%
Provence-Alpes-Côte d'Azur Bouches-de-Rhône Marseille
84%
Provence-Alpes-Côte d'Azur Alpes-Maritimes Nice
83%
Brittany Finistère Quimper
83%
Nouvelle Aquitaine Gironde Bordeaux
82%
Auvergne-Rhône-Alpes Haute-Savoie Annecy
81%
Auvergne-Rhône-Alpes Isère Grenoble
81%
Occitanie Haute-Garonne Toulouse
81%
Normandy Seine-Maritime Rouen
79%
Brittany Morbihan Vannes
78%
Corse Corse-du-Sud Ajaccio
77%
Pays de la Loire Maine-et-Loire Angers
77%
Auvergne-Rhône-Alpes Puy-de-Dôme Clermont-Ferrand
77%
Occitanie Hérault Montpellier
77%
Auvergne-Rhône-Alpes Loire Saint-Étienne
77%
Bourgogne-Franche-Comté Territoire de Belfort Belfort
76%
Pays de la Loire Sarthe Le Mans
76%
Bourgogne-Franche-Comté Côte-d'Or Dijon
75%
Hauts-de-France Somme Amiens
74%
Corse Haute-Corse Bastia
74%
Auvergne-Rhône-Alpes Savoie Chambéry
74%
Nouvelle Aquitaine Charente-Maritime La Rochelle
74%
Grand Est Meurthe-et-Moselle Nancy
74%
Centre-Val de Loire Loiret Orléans
74%
Provence-Alpes-Côte d'Azur Vars Toulon
74%
Île-de-France Yvelines Versailles
74%
Grand Est Moselle Metz
72%
Centre-Val de Loire Indre-et-Loire Tours
71%
Grand Est Haut-Rhin Colmar
70%
Occitanie Pyrénées-Orientale Perpignan
70%
Auvergne-Rhône-Alpes Drôme Valence
69%
Provence-Alpes-Côte d'Azur Vaucluse Avignon
68%
Occitanie Gard Nîmes
68%
Nouvelle Aquitaine Vienne Poitiers
68%
Brittany Côtes-d'Armor Saint-Brieuc
67%
Hauts-de-France Pas-de-Calais Arras
66%
Bourgogne-Franche-Comté Doubs Besançon
66%
Pays de la Loire Mayenne Laval
66%
Nouvelle Aquitaine Pyrénées-Atlantiques Pau
66%
Normandy Manche Saint-Lô
66%
Bourgogne-Franche-Comté Yonne Auxerre
65%
Nouvelle Aquitaine Haute-Vienne Limoges
65%
Normandy Eure Évreux
63%
Provence-Alpes-Côte d'Azur Hautes-Alpes Gap
63%
Pays de la Loire Vendée La Roche-sur-Yon
63%
Nouvelle Aquitaine Deux-Sèvres Niort
62%
Centre-Val de Loire Cher Bourges
60%
Île-de-France Hauts-de-Seines Nanterre
60%
Nouvelle Aquitaine Charente Angoulême
59%
Hauts-de-France Oise Beauvais
59%
Nouvelle Aquitaine Landes Mont-de-Marsan
59%
Île-de-France Seine-Saint-Denis Bobigny
58%
Île-de-France Essonne Évry
58%
Bourgogne-Franche-Comté Nièvre Nevers
58%
Normandy Orne Alençon
57%
Occitanie Aude Carcasonne
57%
Île-de-France Val-de-Marne Créteil
57%
Grand Est Aube Troyes
57%
Auvergne-Rhône-Alpes Ardèche Privas
55%
Centre-Val de Loire Indre Châteauroux
54%
Occitanie Hautes-Pyrénées Tarbes
54%
Auvergne-Rhône-Alpes Cantal Aurillac
53%
Grand Est Vosges Épinal
53%
Occitanie Tarn Albi
52%
Centre-Val de Loire Eure-et-Loir Chartres
52%
Provence-Alpes-Côte d'Azur Alpes-de-Haute-Provence Digne-les-Bains
52%
Nouvelle Aquitaine Creuse Geuret
52%
Hauts-de-France Aisne Laon
52%
Nouvelle Aquitaine Corrèze Tulle
52%
Occitanie Gers Auch
50%
Centre-Val de Loire Loir-et-Cher Blois
50%
Occitanie Ariége Foix
50%
Occitanie Aveyron Rodez
50%
Auvergne-Rhône-Alpes Allier Moulins
49%
Nouvelle Aquitaine Lot-et-Garonne Agen
47%
Grand Est Ardennes Charleville-Mézières
47%
Auvergne-Rhône-Alpes Haute-Loire Le-Puy-en-Velay
47%
Occitanie Tarn-et-Garonne Montauban
46%
Île-de-France Seine-et-Marne Melun
45%
Occitanie Lozère Mende
45%
Occitanie Lot Cahors
44%
Île-de-France Val-d'Oise Pontoise
44%
Bourgogne-Franche-Comté Saône-et-Loire Mâcon
43%
Bourgogne-Franche-Comté Jura Lons-le-Saunier
41%
Grand Est Meuse Bar-le-Duc
40%
Grand Est Marne Châlons-en-Champagne
40%
Grand Est Haute-Marne Chaumont
36%
Nouvelle Aquitaine Dordogne Périgeux
35%
Bourgogne-Franche-Comté Haute-Saône Vesoul
35%
Auvergne-Rhône-Alpes Ain Borg-en-Bresse
12%
No matching quizzes found
Score Distribution
Percent of People with Each Score
Percentile by Number Answered
Your Score History
You have not taken this quiz since the last reset